000 00311nam a22001457a 4500
008 231124b ||||| |||| 00| 0 eng d
020 _a9780813121512
041 _aeng
080 _a159.9
082 _a159.9BEA
100 _a25
101 _aPSI
245 _aSISTERS IN PAIN
_cBEATTIE.E
942 _2udc
_cBK
999 _c60500
_d60500